[Event "Nana Aleksandria Cup"]
[Site "Poti GEO"]
[Date "2011.07.15"]
[Round "5"]
[White "Kviriashvili,I"]
[Black "Bagaturov,G"]
[Result "0-1"]
[WhiteElo "2253"]
[BlackElo "2459"]

1.e4 c5 2.c3 Nf6 3.e5 Nd5 4.d4 cxd4 5.Nf3 Nc6 6.Bc4 e6 7.cxd4 d6 8.O-O Be7
9.Qe2 O-O 10.Rd1 Qc7 11.Nbd2 Nf4 12.Qe4 Ng6 13.exd6 Bxd6 14.Nf1 Na5 15.Bd3 Bd7
16.Ng3 Bc6 17.Qg4 f5 18.Qh5 Nf4 19.Bxf4 Bxf4 20.Ne2 g6 21.Qh3 Bxf3 22.gxf3 Rad8
23.b4 Nc6 24.Bc4 Rfe8 25.Qh4 Bd6 26.Rac1 Qe7 27.Qxe7 Rxe7 28.a3 Kg7 29.f4 Kf6
30.d5 exd5 31.Rxd5 Re4 32.Bd3 Ree8 33.Bb5 Bc7 34.Rxd8 Bxd8 35.Kf1 Re6 36.Bxc6 Rxc6
37.Rxc6+ bxc6 38.Nd4 Bc7 39.Nxc6 a6 40.a4 Bxf4 41.b5 axb5 42.a5 Bc7 43.a6 Bb6
44.a7 Bxa7 45.Nxa7 b4 46.Ke2 b3 47.Nb5 Kg5 48.Kf3 Kh4 49.Kg2 Kg4 50.Nc3 Kf4
51.Nd1 Ke4 52.Kg3 g5 53.h4 gxh4+ 54.Kxh4 Kf3 55.Kg5 f4 56.Nb2 h6+ 57.Kf5 h5
58.Kg5 h4 59.Kxh4 Kxf2 60.Kg4 f3 61.Nd1+ Ke1  0-1

[Event "3rd International Open"]
[Site "Rethymno GRE"]
[Date "2011.07.15"]
[Round "6"]
[White "Solberg,J"]
[Black "Pap,M"]
[Result "1/2-1/2"]
[WhiteElo "2226"]
[BlackElo "2507"]

1.e4 c5 2.c3 Nf6 3.e5 Nd5 4.Nf3 e6 5.a3 Be7 6.d4 cxd4 7.cxd4 b6 8.Nc3 Nxc3
9.bxc3 Qc7 10.Bd2 O-O 11.Bd3 Ba6 12.Bxa6 Nxa6 13.Qe2 Nb8 14.O-O d6 15.exd6 Bxd6
16.c4 Nd7 17.Bb4 Rac8 18.Rfc1 Rfe8 19.Bxd6 Qxd6 20.Rc3 Red8 21.Rac1 Rc7 22.g3 Rdc8
23.Qd3 h6 24.Re1 Rd8 25.Qc2 Rdc8 26.Qd3 Nf6 27.Rec1 Rd8 28.Qe2 Qc6 29.R1c2 Ne4
30.Re3 Nd6 31.Rec3 Nf5 32.Rd2 Qb7 33.g4 Nd6 34.Rdc2 Ne4 35.Re3 Nf6 36.h3 b5
37.Rb3 a6 38.Rcb2 Qa8 39.cxb5 axb5 40.Qxb5 Nd5 41.Kh2 Ra7 42.Qd3 Nf4 43.Qe3 Nd5
44.Qd3 Ra4 45.Kg3 Qc6 46.Qe4 f6 47.h4 Qd6+ 48.Kg2 Nf4+ 49.Kh1 Rc4 50.Rb1 Nd5
51.Re1 Rc6 52.g5 hxg5 53.hxg5 f5 54.Qe5 Qe7 55.Rb8 Rxb8 56.Qxb8+ Qf8 57.Qh2 Qxa3
58.Qb8+ Qf8 59.Qh2 Rc3 60.g6 Nf6 61.Rb1 Rc8  1/2-1/2

[Event "Najdorf Memorial"]
[Site "Warsaw POL"]
[Date "2011.07.15"]
[Round "2.26"]
[White "Adamski,A"]
[Black "Zadlo,T"]
[Result "1/2-1/2"]
[WhiteElo "2269"]
[BlackElo "2080"]

1.e4 c5 2.c3 Nf6 3.e5 Nd5 4.d4 cxd4 5.Bc4 Qc7 6.Qe2 Nb6 7.Bb3 d3 8.Qe4 d5
9.exd6 Qxd6 10.Nf3 N8d7 11.Ng5 e6 12.O-O Nf6 13.Qh4 h6 14.Ne4 Nxe4 15.Qxe4 Bd7
16.Rd1 Bc6 17.Qxd3 Qxd3 18.Rxd3 Be7 19.a4 a5 20.Na3 Nxa4 21.Bxa4 Bxa4 22.Nc4 Bb5
23.Nd6+ Bxd6 24.Rxd6 Ke7 25.Rd1 Rhd8 26.Be3  1/2-1/2

[Event "10th Bergamo Open"]
[Site "Bergamo ITA"]
[Date "2011.07.16"]
[Round "4.2"]
[White "Godena,M"]
[Black "Solodovnichenko,Y"]
[Result "1/2-1/2"]
[WhiteElo "2525"]
[BlackElo "2615"]

1.e4 c5 2.c3 Nf6 3.e5 Nd5 4.Nf3 Nc6 5.d4 cxd4 6.cxd4 d6 7.Bc4 e6 8.O-O Be7
9.exd6 Qxd6 10.Nc3 O-O 11.Re1 Rd8 12.Bb3 a6 13.g3 Qc7 14.Nxd5 exd5 15.Bf4 Bd6
16.Bg5 f6 17.Bxd5+ Kh8 18.Bd2 Bg4 19.Qb3 Bxf3 20.Qxf3 Nxd4 21.Qe4 Bc5 22.Rac1 Qb6
23.b4 Bxb4 24.Bxb4 Qxb4 25.Rcd1 Nc2 26.Qxb4 Nxb4 27.Bxb7 Rab8 28.Rxd8+ Rxd8
29.Re2 g6 30.a3 Rd7 31.Bc8 Rd8 32.Bb7 Rd7 33.Bc8 Rd8 34.axb4 Rxc8 35.Re6 Rb8
36.Rxf6 Rxb4 37.Rxa6 Rb7 38.Kg2 Kg7 39.g4 g5 40.Kg3 Rb3+ 41.f3 h6 42.Ra7+ Kg6
43.Ra6+ Kg7 44.Ra5 Kg6 45.Rc5 Ra3 46.Rb5 Rc3 47.Rb6+ Kg7 48.Re6 Ra3 49.h3 Rb3
50.Ra6 Rc3 51.Rb6 Ra3 52.Re6 Rb3 53.Kf2 Ra3 54.Re3 Ra2+ 55.Kg3 h5 56.gxh5 Kh6
57.h4 gxh4+ 58.Kxh4 Rh2+ 59.Kg4 Rg2+ 60.Kf5 Rg5+ 61.Kf6 Rg3 62.Ra3 Rh3 63.Rb3 Rg3
64.Rc3 Rh3 65.Ra3 Rg3 66.Rd3 Rh3 67.Rb3 Rg3 68.Kf7 Kxh5 69.Rb5+ Rg5 70.Rb6 Rf5+
71.Rf6 Kg5  1/2-1/2

[Event "34th Taminco Open"]
[Site "Ghent BEL"]
[Date "2011.07.16"]
[Round "2.20"]
[White "Feelders,A"]
[Black "Goormachtigh,J"]
[Result "1/2-1/2"]
[WhiteElo "2038"]
[BlackElo "2237"]

1.e4 c5 2.c3 Nf6 3.e5 Nd5 4.d4 cxd4 5.Nf3 e6 6.cxd4 d6 7.Bc4 Nb6 8.Bd3 dxe5
9.dxe5 Na6 10.Qe2 Nc5 11.Bc2 Nd5 12.O-O Be7 13.Rd1 Bd7 14.a3 Qb6 15.Nd4 g6
16.Nd2 Qa6 17.Nc4 Nb6 18.b3 Nxc4 19.bxc4 O-O 20.Nb5 Bxb5 21.cxb5 Qb6 22.Be3 Rfd8
23.Rd4 Rxd4 24.Bxd4 Qc7 25.Qg4 Nd7 26.Qe4 Rc8 27.Bd3 Nc5 28.Bxc5 Bxc5 29.h4 Rd8
30.h5 Rd4 31.Qe2 Qd8 32.Rd1 Qh4 33.hxg6 hxg6  1/2-1/2

[Event "3rd International Open"]
[Site "Rethymno GRE"]
[Date "2011.07.16"]
[Round "7"]
[White "Kryvoruchko,Y"]
[Black "Jankovic,A"]
[Result "1/2-1/2"]
[WhiteElo "2652"]
[BlackElo "2586"]

1.e4 c5 2.c3 Nf6 3.e5 Nd5 4.Nf3 Nc6 5.Bc4 e6 6.d4 cxd4 7.cxd4 d6 8.O-O Be7
9.Bd2 O-O 10.Nc3 dxe5 11.dxe5 Nxc3 12.Bxc3 Qb6 13.a3 Rd8 14.Qe2 Na5 15.Bd3 Nb3
16.Rad1 g6 17.Bb5 a6 18.Rxd8+ Qxd8 19.Bc4 Nc5 20.b4 Na4 21.Bd4 Bd7 22.Rd1 Qc7
23.h4 Rc8 24.Bb3 Nc3 25.Bxc3 Bb5 26.Qe4 Qxc3 27.Qxb7 Rc7 28.Qb8+ Rc8 29.Qb7 Rc7
30.Qb8+ Rc8  1/2-1/2

[Event "15th Battle of Senta Open"]
[Site "Senta SRB"]
[Date "2011.07.16"]
[Round "1.11"]
[White "Siclovan,C"]
[Black "Nadj Hedjesi,B"]
[Result "0-1"]
[WhiteElo "2116"]
[BlackElo "2354"]

1.e4 c5 2.c3 Nf6 3.e5 Nd5 4.d4 e6 5.Bd3 cxd4 6.cxd4 Nc6 7.Be4 Bb4+ 8.Bd2 Qb6
9.Nc3 Qxd4 10.Nf3 Nxc3 11.Nxd4 Nxd1 12.Bxb4 Nxf2 13.Kxf2 Nxd4 14.Rhd1 Nc6
15.Bxc6 bxc6 16.Bd6 f6 17.Re1 a5 18.Rac1 a4 19.Rc5 Kf7 20.Re4 a3 21.b4 Ba6
22.Rc3 Bb5 23.Ree3 h5 24.Rxa3 Bc4 25.Rxa8 Rxa8 26.a3 Bb5 27.Kf3 Rh8 28.Ke4 h4
29.Kd4 Rh5 30.Kc5 f5 31.Kb6 g5 32.Ka5 Rh8 33.Kb6 Kg6 34.Re1 f4 35.Ra1 h3
36.gxh3 Rxh3 37.Ra2 g4 38.Bc5 Kf5 39.Bg1 Rb3 40.Kc5 Kxe5  0-1

[Event "34th Taminco Open"]
[Site "Ghent BEL"]
[Date "2011.07.17"]
[Round "4.16"]
[White "Feelders,A"]
[Black "Brasser,P"]
[Result "0-1"]
[WhiteElo "2038"]
[BlackElo "2172"]

1.e4 c5 2.c3 Nf6 3.e5 Nd5 4.d4 cxd4 5.Nf3 e6 6.cxd4 Nc6 7.Bc4 Nb6 8.Bb3 d6
9.Qe2 Qc7 10.Nc3 a6 11.O-O dxe5 12.dxe5 Be7 13.Qe4 Nd7 14.Re1 b5 15.Qg4 Kf8
16.Bf4 Nc5 17.Rad1 Nxb3 18.axb3 h5 19.Qh3 Bb7 20.Ne4 Nb4 21.Nd6 Bd5 22.Nd4 Rd8
23.Qc3 Qxc3 24.bxc3 Nc6 25.Nxc6 Bxc6 26.Ra1 Ra8 27.Red1 g5 28.Be3 Kg7 29.c4 Kg6
30.Ra5 Bd8 31.Ra2 bxc4 32.Nxc4 Bd5 33.Rda1 Rb8 34.Rxa6 Rxb3 35.Nd6 f6 36.Bd4 Rd3
37.Bb2 Rd2 38.Bc3 Rc2 39.Bd4 Rf8 40.exf6 Bxf6 41.Bxf6 Rxf6 42.f3 g4 43.Ne4 gxf3
44.Nxf6 Rxg2+ 45.Kh1 Kxf6  0-1

[Event "3rd International Open"]
[Site "Rethymno GRE"]
[Date "2011.07.18"]
[Round "9"]
[White "Pap,M"]
[Black "Jankovic,A"]
[Result "1-0"]
[WhiteElo "2507"]
[BlackElo "2586"]

1.e4 c5 2.c3 Nf6 3.e5 Nd5 4.Nf3 Nc6 5.d4 cxd4 6.cxd4 d6 7.Bc4 dxe5 8.dxe5 Be6
9.O-O g6 10.Ng5 Bg7 11.Nxe6 fxe6 12.f4 Qb6+ 13.Kh1 Rd8 14.Qe2 O-O 15.Nc3 Nd4
16.Qe4 Qc5 17.Bd3 Nf5 18.Bd2 Nde3 19.Bxe3 Nxe3 20.Rf3 Nf5 21.Qe1 Bh6 22.Bxf5 Rxf5
23.Qh4 Bf8 24.Raf1 Qb4 25.Qf2 Bh6 26.g4 Rf7 27.g5 Bg7 28.a3 Qa5 29.Qe2 Qc5
30.Qe4 Rdf8 31.Kg2 b6 32.R1f2 Rf5 33.h4 h6 34.b4 Qc8 35.Ne2 hxg5 36.hxg5 Kh7
37.Nd4 Qd7 38.Nxf5 exf5 39.Rh3+ Kg8 40.Qc4+ e6 41.Rd3 Qb7+ 42.Kg3 Re8 43.Rd6 Kf7
44.Qc6 Qa6 45.Rd7+ Kf8 46.Rxg7  1-0

[Event "15th Battle of Senta Open"]
[Site "Senta SRB"]
[Date "2011.07.18"]
[Round "4.2"]
[White "Savic,Miod1"]
[Black "Nestorovic,De"]
[Result "1-0"]
[WhiteElo "2520"]
[BlackElo "2404"]

1.e4 c5 2.c3 Nf6 3.e5 Nd5 4.Nf3 e6 5.d4 cxd4 6.cxd4 d6 7.a3 Bd7 8.Bd3 Bc6
9.O-O Be7 10.Re1 Nd7 11.b4 a6 12.Nbd2 dxe5 13.dxe5 Nf4 14.Be4 Bxe4 15.Rxe4 Nd5
16.Rg4 O-O 17.Nc4 g6 18.Bh6 Re8 19.h4 b5 20.Na5 Rc8 21.h5 Rc3 22.hxg6 fxg6
23.Qe2 Bf8 24.Bd2 Rc7 25.Bg5 Qb8 26.Re1 Bg7 27.Qd2 Rc3 28.Rd4 Nxe5 29.Nxe5 Bxe5
30.Rde4 Bh2+ 31.Kh1 Rcc8 32.Rxe6 Nc7 33.Rxe8+ Rxe8 34.Rxe8+ Nxe8 35.Qd5+ Kf8
36.Bh6+ Ng7  1-0

[Event "20th ch-MKD Open"]
[Site "Struga MKD"]
[Date "2011.07.18"]
[Round "3"]
[White "Nikolovska,D"]
[Black "Andonovski,L"]
[Result "1-0"]
[WhiteElo "1739"]
[BlackElo "2317"]

1.e4 c5 2.c3 Nf6 3.e5 Nd5 4.d4 cxd4 5.Nf3 e6 6.cxd4 d6 7.Bc4 Be7 8.O-O O-O
9.Qe2 Nc6 10.Nc3 Nxc3 11.bxc3 dxe5 12.dxe5 Qa5 13.Bd2 Rd8 14.Bb3 Bd7 15.Qe4 Be8
16.Rfe1 g6 17.h4 Rd7 18.h5 Rad8 19.Bg5 Qxc3 20.hxg6 hxg6 21.Qh4 Rd4 22.Qh6 Bf8
23.Qh2 Rg4 24.Bf6 Bg7 25.Bxd8 Qxf3 26.Bd1 Nxe5 27.Rxe5 Bxe5 28.Bxf3 Bxh2+
29.Kxh2 Rf4 30.Bg5 Rf5 31.Be3 b6 32.Rc1 Kg7 33.Rc8 Ba4 34.Ra8 Ra5 35.Rc8 Bb5
36.Bd4+ Kh6 37.Bf6 g5 38.Be4 Kh5 39.Rh8+ Kg4 40.Be5  1-0

[Event "Biel MTO Open"]
[Site "Biel SUI"]
[Date "2011.07.19"]
[Round "2"]
[White "Cherniaev,A1"]
[Black "Gharamian,T"]
[Result "0-1"]
[WhiteElo "2440"]
[BlackElo "2670"]

1.e4 c5 2.c3 Nf6 3.e5 Nd5 4.Nf3 d6 5.d4 cxd4 6.cxd4 dxe5 7.Nxe5 Nc6 8.Bc4 e6
9.O-O Be7 10.Nf3 O-O 11.Nc3 Nxc3 12.bxc3 b6 13.Re1 Bb7 14.Bd3 Rc8 15.h4 Na5
16.Ng5 Bxg5 17.Bxg5 Qd5 18.Be4 Qd7 19.Bb1 Rxc3 20.Bf6 gxf6 21.Bxh7+ Kh8 22.Qh5 Rg8
23.Bxg8+ Kxg8 24.Qg4+ Kf8 25.d5 Rc4 26.dxe6 fxe6 27.Qxe6 Qxe6 28.Rxe6 Kf7
29.Rae1 Rxh4 30.Re7+ Kg6 31.f3 Ra4 32.Rd1 Rxa2 33.Rd4 b5 34.Rg4+ Kf5 35.Rh4 a6
36.Rh3 Bc6 37.Kh2 Nc4 38.Kg3 Ne5 39.Rh5+ Kg6 40.Rhh7 Kf5 41.Rh5+ Kg6 42.Rhh7 Bd5
43.Rhg7+ Kf5 44.Kh3 b4  0-1

[Event "Open NK"]
[Site "Dieren NED"]
[Date "2011.07.19"]
[Round "1"]
[White "Cox, Jan"]
[Black "Van der Linden, Lucas"]
[Result "0-1"]
[WhiteElo "1962"]
[BlackElo "2275"]

1.e4 c5 2.c3 Nf6 3.e5 Nd5 4.Nf3 e6 5.d4 cxd4 6.cxd4 d6 7.Bc4 Nb6 8.Bb3 Nc6
9.O-O dxe5 10.dxe5 Qxd1 11.Rxd1 Bd7 12.Nc3 Na5 13.Be3 Nac4 14.Bxb6 Nxb6 15.Ne4 Bc6
16.Nd6+ Bxd6 17.Rxd6 Rc8 18.Nd4 Bd5 19.Bxd5 Nxd5 20.Kf1 g6 21.g3 Ke7 22.Ke2 Rc4
23.Rd1 Rhc8 24.a3 Ra4 25.Kd3 h6 26.Rd2 Rcc4 27.Nc2 Rc8 28.Nd4 Rac4 29.f4 Nb6
30.Ke3 Rc1 31.Ke2 Nc4 32.Rd3 Nxd6 33.exd6+ Kd7 34.Nf3 R1c2+ 35.Ke3 f6 36.Rb3 b6
37.Nh4 g5 38.fxg5 hxg5 39.Nf3 Kxd6 40.Nd4 R2c5 41.Nb5+ Ke7 42.Nxa7 Rb8 43.Nb5 f5
44.Nd4 Kf6 45.a4 e5 46.Nb5 f4+ 47.Kf3 Rd8 48.Nc3 Rc6 49.Ne4+ Kf5 50.g4+ Kg6
51.h3 Rd4 52.Nc3 Re6 53.Ne4 Rxa4 54.Rb5 Rd4  0-1

[Event "Open NK"]
[Site "Dieren NED"]
[Date "2011.07.19"]
[Round "1"]
[White "Offringa, Joost"]
[Black "Ikeda, Junta"]
[Result "0-1"]
[WhiteElo "2085"]
[BlackElo "2349"]

1.e4 c5 2.c3 Nf6 3.e5 Nd5 4.c4 Nb6 5.b4 d6 6.exd6 exd6 7.d4 cxb4 8.Nf3 Be7
9.a3 bxa3 10.Be2 d5 11.c5 N6d7 12.Nc3 Nf6 13.O-O O-O 14.Qb3 b6 15.Bxa3 bxc5
16.dxc5 Nc6 17.Rfd1 Be6 18.Bb5 Qc7 19.Bxc6 Qxc6 20.Nd4 Qc7 21.Ncb5 Qf4 22.c6 Bxa3
23.Rxa3 a6 24.Rda1 axb5 25.Rxa8 Qxd4 26.Rxf8+ Kxf8 27.Qa3+ b4 28.Qa8+ Ne8
29.h3 Qc3 30.Ra7 b3 31.Qb7 Qc5 32.Ra8 f6 33.c7 b2 34.Qxb2 Qxc7  0-1

[Event "34th Taminco Open"]
[Site "Ghent BEL"]
[Date "2011.07.19"]
[Round "6.12"]
[White "Ponnet,H"]
[Black "Bosschem,T"]
[Result "1/2-1/2"]
[WhiteElo "2159"]
[BlackElo "2068"]

1.e4 c5 2.c3 Nf6 3.e5 Nd5 4.d4 cxd4 5.cxd4 d6 6.Bc4 e6 7.Nf3 Nc6 8.O-O Nb6
9.Bb3 dxe5 10.dxe5 Qxd1 11.Rxd1 g6 12.Nc3 Bg7 13.Bf4 O-O 14.h4 Nd7 15.Re1 Nc5
16.Bc4 a6 17.Rac1 Rd8 18.Re3 Bd7 19.a3 Be8 20.Kh2 Nd4 21.Nxd4 Rxd4 22.Ne2 Rdd8
23.b4 Nd7 24.Bb3 Nb6  1/2-1/2

[Event "ch-SWE Master Elite"]
[Site "Vasteras SWE"]
[Date "2011.07.19"]
[Round "4"]
[White "Carlsson,P"]
[Black "Lindberg,Be"]
[Result "0-1"]
[WhiteElo "2496"]
[BlackElo "2391"]

1.e4 c5 2.c3 Nf6 3.e5 Nd5 4.d4 cxd4 5.Nf3 e6 6.cxd4 d6 7.Bc4 Nc6 8.O-O Be7
9.Qe2 O-O 10.Nc3 Nxc3 11.bxc3 dxe5 12.dxe5 Qa5 13.Bd2 Bd7 14.Rfe1 Rfd8 15.Rab1 Rab8
16.Qe4 Be8 17.Ng5 g6 18.Qh4 h5 19.Qf4 Rxd2 20.Qxd2 Nxe5 21.Qf4 Bd6 22.Ne4 Nxc4
23.Nf6+ Kf8 24.Qxc4 Bc6 25.Rbd1 Rd8 26.Rxe6 Bxh2+ 27.Kxh2 Rxd1 28.Re3 Qc7+
29.f4 Qd6 30.Nh7+ Kg7 31.Ng5 Bd5 32.Qa4 Rd2 33.Rg3 b5 34.Qxa7 Qxf4 35.Kh3 Rd1  0-1

[Event "Open NK"]
[Site "Dieren NED"]
[Date "2011.07.20"]
[Round "2"]
[White "Viergever, Max"]
[Black "Mostertman, Milan"]
[Result "0-1"]
[WhiteElo "2123"]
[BlackElo "2232"]

1.e4 c5 2.c3 Nf6 3.e5 Nd5 4.Nf3 d6 5.Na3 Nc6 6.Bb5 Bd7 7.exd6 e6 8.Nc4 a6
9.Bxc6 Bxc6 10.d4 Bxd6 11.Nxd6+ Qxd6 12.O-O O-O 13.Be3 cxd4 14.Bxd4 Rfd8
15.Ne5 f6 16.Nxc6 Qxc6 17.Qf3 Rd7 18.Rad1 Rad8 19.Be3 Qc4 20.a3 Qb5 21.Bc1 Qb3
22.h3 e5 23.Qg4 b5 24.Qe6+ Kh8 25.Qxa6 Qc4 26.Qa5 Qc6 27.c4 bxc4 28.Qe1 Nf4
29.Bxf4 Rxd1 30.Qxd1 Rxd1 31.Rxd1 Kg8 32.Be3 Kf7 33.Rc1 Qb5 34.Rc2 f5 35.Bc1 Qa4
36.Rc3 Ke6 37.Kh2 Kd5 38.Be3 Qd1 39.Rc1 Qb3  0-1

[Event "TCh-Euro Open Girls"]
[Site "Iasi ROU"]
[Date "2011.07.20"]
[Round "6.3"]
[White "Visanescu,D"]
[Black "Kolaric,S"]
[Result "1/2-1/2"]
[WhiteElo "1976"]
[BlackElo "2045"]

1.e4 c5 2.c3 Nf6 3.e5 Nd5 4.d4 cxd4 5.Nf3 e6 6.cxd4 d6 7.Bc4 Nb6 8.Bb3 dxe5
9.Nxe5 Nc6 10.Qf3 Qc7 11.Nxc6 Qxc6 12.Qxc6+ bxc6 13.O-O Ba6 14.Rd1 Rd8 15.Nc3 Be7
16.Bf4 O-O 17.Ne4 Bc4 18.Bxc4 Nxc4 19.b3 Nd6 20.Bxd6 Bxd6 21.Rac1 f5 22.Nc5 Bxc5
23.Rxc5 Rd6 24.h3 Rfd8 25.Re1 Kf7 26.Kh2 Rb8 27.Ra5 Rb7 28.Rc1 Ke7 29.Kg3 Kd7
30.Rac5 Rb6 31.R5c4 Ke7 32.f4 Kf6  1/2-1/2

[Event "Czech Open G Rapid"]
[Site "Pardubice CZE"]
[Date "2011.07.20"]
[Round "3.11"]
[White "Gavrilov,Al1"]
[Black "Oganian,M"]
[Result "1/2-1/2"]
[WhiteElo "2481"]
[BlackElo "2204"]

1.e4 c5 2.c3 Nf6 3.e5 Nd5 4.Nf3 Nc6 5.Bc4 e6 6.d4 cxd4 7.cxd4 d6 8.O-O Be7
9.Qe2 O-O 10.Re1 a6 11.Nc3 Nxc3 12.bxc3 dxe5 13.dxe5 Qa5 14.Bd2 Rd8 15.h4 Bd7
16.Bd3 Be8 17.h5 Qa4 18.Qf1 Rd5 19.Re4 Qa3 20.Qe2 Rad8 21.Bc4 R5d7 22.Rb1 Na5
23.Nd4 Nxc4 24.Qxc4 Qc5 25.Qe2 Qa5 26.Rb2 Qa3 27.Rc2 Rc7 28.Rg4 Bf8 29.Bc1 Qa5
30.Bg5 Rd5 31.Bf6 g6 32.hxg6 hxg6 33.Rh4 Bg7 34.Bxg7 Kxg7 35.Qe3 Rxe5 36.Qh6+ Kf6
37.Nf3 Rf5 38.Rd4 Ke7 39.Qh4+ g5 40.Qg3 Rd7 41.Rcd2 Rxd4 42.Rxd4 Rd5 43.Rb4 Bc6
44.Nd4 Bb5 45.a4 Bc6 46.Qb8 Qd8 47.Qa7 Kf6 48.g3 Re5 49.Nxc6 Re1+ 50.Kg2 Qd5+
51.f3 bxc6 52.Qd4+ Kg6 53.Qxd5 cxd5 54.c4 a5 55.Rb5 dxc4 56.Rxa5 c3 57.Rc5 Ra1
58.Rxc3 Rxa4 59.g4 Kf6 60.Kg3 Kg6 61.Rc5 Ra6 62.Rb5 f5 63.gxf5+ exf5 64.Rb8 Kf6
65.Rf8+ Ke5 66.Re8+ Re6 67.Rg8  1/2-1/2

[Event "Najdorf Memorial"]
[Site "Warsaw POL"]
[Date "2011.07.20"]
[Round "7.27"]
[White "Zaninotto,F"]
[Black "Fuchs,Ju"]
[Result "1/2-1/2"]
[WhiteElo "2203"]
[BlackElo "2246"]

1.e4 c5 2.c3 Nf6 3.e5 Nd5 4.d4 cxd4 5.Nf3 Nc6 6.Bc4 Nb6 7.Bb3 d5 8.exd6 Qxd6
9.O-O Be6 10.Na3 dxc3 11.Bxe6 Qxd1 12.Rxd1 fxe6 13.bxc3 h6 14.Nb5 Rc8 15.Re1 g6
16.Nfd4 Nxd4 17.cxd4 Bg7 18.Nxa7 Rc2 19.Nb5 Kd7 20.Na3 Rc6 21.Be3 Ra8 22.Nb5 Ra5
23.Rab1 Rxa2 24.Nc3 Ra5 25.Ne4 Rd5 26.Rb4 Ke8 27.Reb1 Nc4 28.Rxb7 Kf7 29.Rd1 e5
30.g4 exd4 31.Bf4 Ne5 32.h3 Rc2 33.Kg2 Rc6 34.Rb4 Nd7 35.Rb7 Nc5 36.Nxc5 Rdxc5
37.Rd7 g5 38.Bg3 Rc2 39.Kf3 Re6 40.Rd3 Ree2 41.Rd5 Re1 42.Kg2 Bf6 43.Rf5 e5
44.Rdf3 Rc6 45.Bxe5 Rxe5 46.Rxe5 Rd6 47.Re2 Kg6 48.Rd2 Rc6 49.Rfd3 Kf7 50.Kf3 Re6
51.Ra2 Rc6 52.Ra7+ Kg6 53.Ke4 Re6+ 54.Kd5 Re5+ 55.Kd6 Re2 56.Rf3 d3 57.Rxd3 Rxf2
58.Kd5 Rf4 59.Raa3 h5  1/2-1/2

[Event "XXIX Andorra Open"]
[Site "Arinsal AND"]
[Date "2011.07.21"]
[Round "6.19"]
[White "Muratet Casadevall,A"]
[Black "Panelo,M"]
[Result "0-1"]
[WhiteElo "2170"]
[BlackElo "2413"]

1.e4 c5 2.c3 Nf6 3.e5 Nd5 4.Nf3 e6 5.d4 cxd4 6.cxd4 b6 7.a3 Be7 8.Bd3 Ba6
9.O-O Bxd3 10.Qxd3 Nc6 11.Rd1 d6 12.Qe4 O-O 13.Bd2 Qd7 14.Nc3 Nxc3 15.Bxc3 d5
16.Qg4 f5 17.Qf4 Rac8 18.Rd3 a5 19.Bd2 Na7 20.Rd1 Qa4 21.Bc1 Qb5 22.h4 h6
23.Ne1 Kh8 24.Kh2 Qe8 25.Rh3 Rc4 26.Rdd3 Qh5 27.Rdg3 Rfc8 28.Be3 Nc6 29.Nf3 Nd8
30.Ne1 Nf7 31.f3 R8c6 32.Bd2 Rc8 33.Kh1 Nd8 34.b3 R4c6 35.a4 R6c7 36.Rh2 Nc6
37.Qe3 Bb4 38.Bxb4 Nxb4 39.Rg5 Qf7 40.g4 hxg5  0-1

[Event "Open NK"]
[Site "Dieren NED"]
[Date "2011.07.22"]
[Round "4"]
[White "Viergever, Max"]
[Black "Wroblowski, Oliver"]
[Result "0-1"]
[WhiteElo "2123"]
[BlackElo "2191"]

1.e4 c5 2.c3 Nf6 3.e5 Nd5 4.Nf3 e6 5.Na3 d6 6.Bb5+ Bd7 7.O-O a6 8.Bxd7+ Nxd7
9.Nc4 dxe5 10.Ncxe5 Nxe5 11.Nxe5 Bd6 12.d4 Bxe5 13.dxe5 Qc7 14.Qe2 O-O 15.Rd1 h6
16.Rd3 Ne7 17.Bf4 Ng6 18.Bg3 Rfd8 19.Rad1 Ne7 20.h3 Kf8 21.Qe4 b5 22.Rd7 Rac8
23.Rxc7 Rxd1+ 24.Kh2 Rxc7 25.Qa8+ Rc8 26.Qxa6 b4 27.Bf4 bxc3 28.bxc3 c4 29.Be3 Rd5
30.Bd4 Rxd4 31.cxd4 c3 32.Qa3 c2 33.Qc1 Nf5 34.Kg1 Nxd4 35.Kf1 Rb8 36.Qa3+ Kg8
37.Ke1 Rb1+ 38.Kd2 Rd1+  0-1

[Event "Czech GM Open A"]
[Site "Pardubice CZE"]
[Date "2011.07.22"]
[Round "1.70"]
[White "Majer,J"]
[Black "Aguettaz,M"]
[Result "0-1"]
[WhiteElo "2217"]
[BlackElo "2426"]

1.e4 c5 2.c3 Nf6 3.e5 Nd5 4.d4 cxd4 5.Nf3 e6 6.cxd4 d6 7.Nc3 Nxc3 8.bxc3 Qc7
9.Bd2 Nd7 10.Bd3 dxe5 11.O-O Bd6 12.Re1 f6 13.Qb3 Kf7 14.Rac1 b6 15.Nh4 g5
16.Nf5 Bb7 17.Nh6+ Ke7 18.Re2 Rac8 19.f4 gxf4 20.dxe5 Qc5+ 21.Be3 fxe3 22.exd6+ Qxd6
23.Rxe3 Ne5 24.Rce1 Qd5 25.Qxd5 Bxd5 26.Bb1 Rc4 27.Rg3 Rh4 28.Rh3 Rxh3  0-1

[Event "Najdorf Memorial"]
[Site "Warsaw POL"]
[Date "2011.07.22"]
[Round "9"]
[White "Adamski,A"]
[Black "Jakubowski,K"]
[Result "1/2-1/2"]
[WhiteElo "2269"]
[BlackElo "2510"]

1.e4 c5 2.c3 Nf6 3.e5 Nd5 4.d4 cxd4 5.cxd4 d6 6.Nf3 Nc6 7.Bc4 e6 8.O-O Be7
9.Qe2 O-O 10.Nc3 Nxc3 11.bxc3 dxe5 12.dxe5 Qa5 13.Bd2 Rd8 14.Bd3 g6 15.Rfd1 Bd7
16.Rab1 Qc7 17.Bh6 Be8 18.Qe4 Rd5 19.Re1 Rad8 20.Bc4 Ra5 21.Bb3 Rc5 22.c4 Nb4
23.Nd4 a6 24.Rbd1 Nc6 25.Nf3 Rxd1 26.Bxd1 Na5 27.Bb3 Nxc4 28.Qf4 Na5 29.Bg5 Nxb3
30.Bxe7 Qxe7 31.axb3 Rb5 32.h4 Bc6 33.Nd4 Rb4 34.Qd2 h5 35.Rc1 Bd5 36.Rc8+ Kg7
37.Qc3 a5 38.Rb8 Bc6 39.Ra8 Rb6 40.Qc1 a4 41.bxa4 Qxh4 42.Nxc6 Rxc6 43.Qa3 Kh7
44.Rh8+  1/2-1/2

[Event "Najdorf Memorial"]
[Site "Warsaw POL"]
[Date "2011.07.22"]
[Round "9"]
[White "Vysochin,S"]
[Black "Kukawski,M"]
[Result "1-0"]
[WhiteElo "2552"]
[BlackElo "2338"]

1.e4 c5 2.c3 Nf6 3.e5 Nd5 4.Nf3 Nc6 5.Bc4 Nb6 6.Bb3 c4 7.Bc2 Qc7 8.Qe2 g5
9.Na3 g4 10.Nb5 Qb8 11.Ng5 Nxe5 12.O-O d5 13.f4 Nc6 14.b3 a6 15.Nd4 Nxd4
16.cxd4 Qd6 17.Qe5 Qxe5 18.fxe5 Rg8 19.Nxh7 Bh6 20.Nf6+ exf6 21.Rxf6 cxb3
22.axb3 Bg5 23.Rxb6 Bd8 24.Rh6 Be6 25.Bd3 Rc8 26.Kf2 Rc6 27.b4 Rb6 28.Ba3 Bf5
29.Rxb6 Bxb6 30.Ke3 Bxd3 31.Kxd3 Rh8 32.Rh1 Bd8 33.Bb2 Kd7 34.Bc3 Ke6 35.Ke3 Kf5
36.Kf2 Bh4+ 37.g3 Bg5 38.Kg2 Ke4 39.Rf1 Rh7 40.b5 axb5 41.Rb1 f5 42.exf6 Bxf6
43.Rxb5 Rc7 44.Rb4 Kd3 45.h3 gxh3+ 46.Kxh3 Bg5 47.Rb2 Bf6 48.g4 Bxd4 49.Bxd4 Kxd4
50.g5 Ke4 51.Kg4 Ke5 52.g6 Kf6 53.Kh5 Kg7 54.d4 Rc1 55.Rxb7+ Kg8 56.Rd7 Rh1+
57.Kg5 Rg1+ 58.Kf6 Rf1+ 59.Ke5 Rg1 60.g7 Rg5+ 61.Ke6 Rh5 62.Rxd5 Rh6+ 63.Ke7 Rh4
64.Rd6 Re4+ 65.Kf6 Rf4+ 66.Ke5 Rf7 67.Rg6  1-0

[Event "Biel MTO Open"]
[Site "Biel SUI"]
[Date "2011.07.23"]
[Round "6"]
[White "Mencinger,V"]
[Black "Bogner,S"]
[Result "0-1"]
[WhiteElo "2396"]
[BlackElo "2528"]

1.e4 c5 2.c3 Nf6 3.e5 Nd5 4.Nf3 Nc6 5.Bc4 Nb6 6.Bb3 c4 7.Bc2 d5 8.exd6 Qxd6
9.O-O Bg4 10.Qe2 g6 11.Na3 Qe6 12.Qxe6 Bxe6 13.d4 cxd3 14.Bxd3 O-O-O 15.Be2 f6
16.Be3 Nd5 17.Bd2 Bf7 18.Rfd1 e5 19.Nc2 Be7 20.h4 Nf4 21.Bxf4 exf4 22.b3 Kc7
23.Ncd4 Rhe8 24.Rd2 Ne5 25.Rad1 a6 26.Kf1 Bf8 27.Kg1 Kb6 28.Kf1 Rc8 29.Rc2 Rc7
30.Nd2 Rec8 31.Ne4 Be7 32.c4 Rd8 33.c5+ Ka7 34.Rcd2 Ka8 35.Nb5 Rcd7 36.Nbd6 Bg8
37.b4 Kb8 38.b5 f5 39.Nc3 axb5 40.Bxb5 Rc7 41.Nd5 Bxd5 42.Rxd5 Ng4 43.R1d4 Bxh4
44.Rxf4 Bxf2 45.Rxg4 Bxc5 46.Rc4 Bxd6 47.Rcd4 Rc1+ 48.Ke2 Kc7 49.a4 b6 50.Rd3 Rc5
51.R5d4 Re5+ 52.Kf3 h5 53.g3 Rc5 54.Ke2 Rc2+ 55.Kf1 Rc5 56.Ke2 g5 57.Kf1 g4
58.Kg2 h4 59.gxh4 f4 60.Kf1 Rc1+ 61.Rd1 Rxd1+ 62.Rxd1 f3 63.Rd3 Bc5 64.Rxd8 Kxd8
65.Bc6 Ke7 66.Ke1 Kd6 67.Bb7 Ke5  0-1

[Event "Sparkassen Open A"]
[Site "Dortmund GER"]
[Date "2011.07.23"]
[Round "1.13"]
[White "Kartsev,So"]
[Black "Richters,M"]
[Result "0-1"]
[WhiteElo "2182"]
[BlackElo "1969"]

1.e4 c5 2.c3 Nf6 3.e5 Nd5 4.d4 cxd4 5.cxd4 d6 6.Nf3 Nc6 7.Bc4 Nb6 8.Bb5 d5
9.O-O a6 10.Be2 Bg4 11.Nc3 e6 12.a3 Rc8 13.Be3 Be7 14.h3 Bh5 15.Nd2 Bg6 16.f4 Na5
17.g4 Qd7 18.Qe1 Nac4 19.Nxc4 Nxc4 20.Bxc4 dxc4 21.d5 Bd3 22.d6 Bxf1 23.Qxf1 Bd8
24.Ne4 O-O 25.Rd1 f6 26.Qg2 fxe5 27.fxe5 Qb5 28.Bd4 Bb6 29.Bxb6 Qxb6+ 30.Kh1 Qb5
31.Qh2 c3 32.Nxc3 Rf1+ 33.Rxf1 Qxf1+ 34.Qg1 Qxh3+ 35.Qh2 Qxg4 36.Qg2 Qxg2+
37.Kxg2 Kf7 38.Kf3 g5 39.Na4 Kg6 40.b4 Kf5 41.Nc5 b6 42.Nb7 Kxe5 43.d7 Rf8+
44.Kg4 h6 45.d8=Q Rxd8 46.Nxd8 Kd4 47.Nf7 Kc4 48.Nxh6 Kb3 49.Nf7 Kxa3 50.Nxg5 Kxb4
51.Kf4 a5 52.Ke3 Kc3 53.Nxe6 a4 54.Nc7 a3 55.Nd5+ Kb3 56.Nxb6 a2 57.Nd5 a1=Q  0-1

[Event "III Corporation Cup A"]
[Site "Izhevsk RUS"]
[Date "2011.07.23"]
[Round "8"]
[White "Chan,Na"]
[Black "Vaseptsov,Maxim"]
[Result "1/2-1/2"]
[WhiteElo "1772"]
[BlackElo "2193"]

1.e4 c5 2.c3 Nf6 3.e5 Nd5 4.d4 cxd4 5.cxd4 e6 6.Nf3 d6 7.Bc4 Nb6 8.Bb5+ Nc6
9.O-O dxe5 10.Nxe5 Bd7 11.Bxc6 Bxc6 12.Nxc6 bxc6 13.Be3 Be7 14.Nd2 O-O 15.Rc1 Qd5
16.Nb3 a5 17.a3 Rfd8 18.Nd2 Rab8 19.Qc2 Rdc8 20.Ne4 Nd7 21.Nd2 Bf6 22.Rfd1 Rb5
23.Ne4 Rb7 24.Nxf6+ Nxf6 25.Rd3 Qa2 26.Rc3 Rxb2 27.Rxc6 Rf8 28.Qd3 Nd5 29.R6c2 Rxc2
30.Rxc2 Qb1+ 31.Bc1 h6 32.h3 a4 33.Kh2 Qb3 34.Qc4 Rd8 35.Qc5 Qd3 36.Qc4 Qb3
37.Qc5 Nf6 38.Be3 Rd5 39.Qc8+ Kh7 40.Rc3 Qd1 41.Rc1 Qb3 42.Qc2+ Rf5 43.g4 Qxc2
44.Rxc2 Rb5 45.Bf4 Rb3 46.Bd6 h5 47.Kg2 hxg4 48.hxg4 Ne4 49.Bc5 Nc3 50.f3 Kg6
51.Kg3 Nb5 52.Rc4 Nxa3 53.Rxa4 Nb1 54.Rb4 Nd2 55.Rxb3 Nxb3 56.Kf4 Na5 57.Ke4 Nc4
58.Bb4 Nb6 59.Ba5 Nd7 60.Bd8 Nf6+  1/2-1/2